000 00258nam a2200109Ia 4500
008 190216s9999||||xx |||||||||||||| ||und||
100 _aSukumaran Chettiyar
245 0 _aBhouthika Praveshika
260 _bKerala Basha Inst
650 _aPhysics
942 _cBK
999 _c37765
_d37765